LEADER 00839cam0-2200301---450- 001 990004021530403321 005 20100622105038.0 035 $a000402153 035 $aFED01000402153 035 $a(Aleph)000402153FED01 035 $a000402153 100 $a19990604d1985----km-y0itay50------ba 101 0 $aspa 102 $aES 105 $aa-------001yy 200 1 $aLiteratura fantastica$fJorge Luis Borges, Italo Calvino ... [et al.] 210 $aMadrid$cSiruela$d1985 215 $a130 p.$cill.$d27 cm 676 $a808.83 702 1$aBorges,$bJorge Luis$f<1899-1986> 702 1$aCalvino,$bItalo$f<1923-1985> 801 0$aIT$bUNINA$gRICA$2UNIMARC 901 $aBK 912 $a990004021530403321 952 $a808.83 LIF 1$bDip.f.m.536$fFLFBC 959 $aFLFBC 996 $aLiteratura fantastica$9470123 997 $aUNINA LEADER 02240nam1 2200361 i 450 001 MOD1386513 005 20251003044240.0 100 $a20070402g2007 ||||0itac50 ba 101 | $aita 102 $ait 181 1$6z01$ai $bxxxe 182 1$6z01$an 200 1 $aCommentario alle riforme del processo civile$fa cura di Antonio Briguglio e Bruno Capponi 210 $aPadova$cCEDAM 215 $a volumi$d24 cm 300 $aDal 2009 luogo di pubblicazione: Assago 463 1$1001MOD1386523$12001 $aˆ1: ‰Comunicazioni e notificazioni, processo di cognizione, procedimenti speciali, separazione e divorzio, rito speciale in materia di infortunistica stradale$eD. L. 14 marzo 2005, n. 35 convertito con modificazioni nella L. 14 maggio 2005, n. 80$aL. 28 dicembre 2005, n. 262$aL. 28 dicembre 2005, n. 263$aL. 8 febbraio 2006, n. 54 e L. 21 febbraio 2006, n. 102$fAntonio Briguglio ... [et al.]$v1 463 1$1001RMS2231797$12001 $aˆ3.1: ‰Ricorso per Cassazione (L. 14 maggio 2005, n. 80, D. lgs. 2 febbraio 2006, n. 40, L. 18 giugno 2009, n. 69)$fG. Amoroso... [et al.]$v3.1 463 1$1001RMS2231804$12001 $aˆ3.2: ‰Arbitrato$aEntrata in vigore delle nuove discipline sul giudizio di Cassazione e sull'arbitrato (L. 14 maggio 2005, n. 80, D. lgs. 2 febbraio 2006, n. 40, L. 18 giugno 2009, n. 69)$fA. Atteritano ... [et al.]$v3.2 463 1$1001URB0638763$12001 $aˆ2: ‰Processo di esecuzione$eD.L. 14 marzo 2005, n. 35 convertito con modificazioni nella L. 14 maggio 2005, n. 80; L. 28 dicembre 2005, n. 263; L. 24 febbraio 2006, n. 52$fBruno Capponi ... [et al.]$v2 676 $a347.4507$9PROCESSO CIVILE. ITALIA$v22 676 $a347.450702638$9PROCESSO CIVILE. ITALIA. GUIDA ALLA COMPRENSIONE DELLE LEGGI$v19 702 1$aCapponi$b, Bruno$3MILV040600 702 1$aBriguglio$b, Antonio$f <1957- >$3TO0V156331 801 3$aIT$bIT-000000$c20070402 850 $aIT-BN0095 901 $bNAP 01$cD $n$ 912 $aMOD1386513 950 1$aBiblioteca Centralizzata di Ateneo$d 01D (C) 24 056$d 01D (C) 24 057 967 $m4 977 $a 01 996 $aCommentario alle riforme del processo civile$965037 997 $aUNISANNIO